000 00676nam a2200169 a 4500
001 000048706
005 20201002061338.0
008 190410s2016 dr a 000 0 spa d
040 _aDO-SdBNP
_bspa
_cBNPHU
110 1 _aSuperintendencia de Electricidad
_bRepública Dominicana
_976152
245 1 0 _aReglamento autorización y ejercicio de la condición de usuario no reguraldo :
_bresolución SIE-040-2013-MEM.
260 _aSanto Domingo :
_bSuperintendencia de Electricidad,
_c2016.
300 _a53[39] p. :
_bils. ;
_c28 cm.
490 1 _aMercado eléctronico mayorista(MEM)
_v1
590 _aInventariado, 2019/VM
830 0 _aMercado eléctronico mayorista (MEM)
_n1
_976163
999 _c48194
_d48194